[Event "19. Open de la Constitución 2017"]
[Site "San Sebastian de los Reyes ES"]
[Date "2017.12.02"]
[Round "1.22"]
[White "Fernandez Diaz, Ricardo"]
[Black "Largo Barbero, Benito"]
[Result "0-1"]
[WhiteElo "1493"]
[BlackElo "1925"]
[PlyCount "72"]
[EventDate "2017.12.02"]
[EventType "swiss"]
[EventRounds "9"]
[EventCountry "ESP"]
[SourceTitle "Ajedrez en Madrid"]
[Source "lmi"]
[SourceDate "2017.12.02"]
[SourceVersion "1"]
[SourceVersionDate "2017.12.16"]
[SourceQuality "1"]

1. d4 Nf6 2. c4 g6 3. Nc3 Bg7 4. e4 d6 5. Nf3 O-O 6. Be2 c6 7. O-O Qe8 8. Re1
e5 9. dxe5 dxe5 10. Qc2 Na6 11. a3 Nh5 12. Nh4 Qe7 13. Bxh5 Qxh4 14. Bf3 f5 15.
b4 Nc7 16. Bb2 f4 17. Rad1 g5 18. Qe2 g4 19. Rd6 gxf3 20. Qxf3 Bg4 21. Qd3 f3
22. g3 Qe7 23. Rd1 Bf6 24. Na4 Ne8 25. Rxf6 Rxf6 26. c5 Nc7 27. Ba1 Nb5 28. Nb2
Nd4 29. Nc4 Ne2+ 30. Kf1 Bh3+ 31. Ke1 Nd4 32. Nd6 a5 33. Bxd4 exd4 34. Qxd4
axb4 35. axb4 Ra2 36. Qe3 Re2+ 0-1

[Event "19. Open de la Constitución 2017"]
[Site "San Sebastian de los Reyes ES"]
[Date "2017.12.02"]
[Round "1.23"]
[White "Bello Burguet, Glenier Lazaro"]
[Black "Mehalingam, Karunanithi"]
[Result "1-0"]
[WhiteElo "1917"]
[BlackElo "1490"]
[PlyCount "99"]
[EventDate "2017.12.02"]
[EventType "swiss"]
[EventRounds "9"]
[EventCountry "ESP"]
[SourceTitle "Ajedrez en Madrid"]
[Source "lmi"]
[SourceDate "2017.12.02"]
[SourceVersion "1"]
[SourceVersionDate "2017.12.16"]
[SourceQuality "1"]

1. Nf3 Nf6 2. g3 e6 3. Bg2 d5 4. O-O Be7 5. c4 c6 6. d4 b6 7. b3 Bb7 8. Bb2
Nbd7 9. Nbd2 h6 10. Ne5 Qc7 11. cxd5 exd5 12. e4 dxe4 13. Nxe4 Nxe4 14. Bxe4
O-O 15. Nxc6 Bg5 16. d5 Qd6 17. Bg2 Rfe8 18. Re1 Nf6 19. Be5 Qd7 20. h4 Ng4 21.
hxg5 Bxc6 22. Bh3 h5 23. Bxg4 Qxd5 24. Qxd5 Bxd5 25. Bxh5 Rac8 26. g6 fxg6 27.
Bxg6 Re6 28. Bf5 Rh6 29. Be4 Bxe4 30. Rxe4 Re6 31. Rae1 g6 32. Bf4 Rxe4 33.
Rxe4 Rc6 34. Re7 a6 35. Ra7 b5 36. b4 Re6 37. Be3 Rc6 38. Bc5 g5 39. g4 Rg6 40.
Kg2 Re6 41. a3 Rf6 42. Rd7 Rc6 43. Rd6 Rxd6 44. Bxd6 Kf7 45. Kf3 Ke6 46. Bc5
Kd5 47. Be7 Kc4 48. Bxg5 Kb3 49. Be7 Kxa3 50. g5 1-0

[Event "19. Open de la Constitución 2017"]
[Site "San Sebastian de los Reyes ES"]
[Date "2017.12.02"]
[Round "1.24"]
[White "Aragon Lopez, Hiria"]
[Black "Cabañas Bravo, Juan Andres"]
[Result "0-1"]
[WhiteElo "1488"]
[BlackElo "1910"]
[PlyCount "58"]
[EventDate "2017.12.02"]
[EventType "swiss"]
[EventRounds "9"]
[EventCountry "ESP"]
[SourceTitle "Ajedrez en Madrid"]
[Source "lmi"]
[SourceDate "2017.12.02"]
[SourceVersion "1"]
[SourceVersionDate "2017.12.16"]
[SourceQuality "1"]

1. e4 e5 2. Nf3 Nc6 3. Bc4 Bc5 4. c3 Nf6 5. d4 exd4 6. cxd4 Bb4+ 7. Bd2 Nxe4 8.
Bxb4 Nxb4 9. Bxf7+ Kxf7 10. Qb3+ d5 11. Qxb4 Rf8 12. O-O a5 13. Qb3 Kg8 14. Re1
Be6 15. Rxe4 a4 16. Qxb7 dxe4 17. Qxe4 Bd5 18. Qe3 Bxf3 19. gxf3 Rb8 20. Nc3
Rxb2 21. Nxa4 Rb4 22. Nc5 Re8 23. Ne6 Qf6 24. Qc3 Qg6+ 25. Kf1 Rb1+ 26. Rxb1
Qxb1+ 27. Ke2 Rxe6+ 28. Kd2 Qxa2+ 29. Kd3 Qe2# 0-1

[Event "19. Open de la Constitución 2017"]
[Site "San Sebastian de los Reyes ES"]
[Date "2017.12.02"]
[Round "1.25"]
[White "De Vicente Guijarro, Juan"]
[Black "Gonzalez Morente, Jose A"]
[Result "1-0"]
[WhiteElo "1879"]
[BlackElo "1453"]
[PlyCount "71"]
[EventDate "2017.12.02"]
[EventType "swiss"]
[EventRounds "9"]
[EventCountry "ESP"]
[SourceTitle "Ajedrez en Madrid"]
[Source "lmi"]
[SourceDate "2017.12.02"]
[SourceVersion "1"]
[SourceVersionDate "2017.12.16"]
[SourceQuality "1"]

1. e4 d6 2. d4 Nf6 3. Nc3 Nbd7 4. Nf3 e5 5. Bc4 Be7 6. O-O O-O 7. Re1 c6 8. a4
a5 9. h3 h6 10. Be3 Qc7 11. Ba2 Re8 12. Qe2 Nf8 13. Rad1 Be6 14. Bxe6 fxe6 15.
dxe5 dxe5 16. Qc4 Bd6 17. Rd2 Rad8 18. Red1 b6 19. Qa6 Bc5 20. Bxc5 Rxd2 21.
Rxd2 bxc5 22. Qc4 N8d7 23. Kf1 Qb6 24. b3 Re7 25. Ke2 Kf7 26. Nh4 g6 27. Qd3
Nh5 28. g3 Nhf6 29. Qd6 Qa6+ 30. Ke1 c4 31. Nxg6 Re8 32. Nxe5+ Nxe5 33. Qxe5
cxb3 34. cxb3 Qb6 35. Rd3 Qxb3 36. Rf3 1-0

[Event "19. Open de la Constitución 2017"]
[Site "San Sebastian de los Reyes ES"]
[Date "2017.12.02"]
[Round "1.26"]
[White "Murillo Paz, Pedro P"]
[Black "Tarrio Ocaña, Jose Manuel"]
[Result "0-1"]
[WhiteElo "1427"]
[BlackElo "1866"]
[PlyCount "68"]
[EventDate "2017.12.02"]
[EventType "swiss"]
[EventRounds "9"]
[EventCountry "ESP"]
[SourceTitle "Ajedrez en Madrid"]
[Source "lmi"]
[SourceDate "2017.12.02"]
[SourceVersion "1"]
[SourceVersionDate "2017.12.16"]
[SourceQuality "1"]

1. e4 e6 2. Nc3 d5 3. exd5 exd5 4. Qe2+ Be7 5. d4 Nf6 6. Bg5 O-O 7. O-O-O Re8
8. Nf3 Nc6 9. Ne5 Bf5 10. g4 Nxg4 11. Bxe7 Rxe7 12. Qf3 Nxd4 13. Rxd4 Rxe5 14.
Bh3 Qg5+ 15. Rf4 Nxf2 16. Qxf2 Bxh3 17. Rg1 Qh6 18. Kb1 Be6 19. Rh4 Qe3 20. Qg2
g6 21. a3 c6 22. Nd1 Qe2 23. Qg3 Bf5 24. Qb3 Rae8 25. Nc3 Qf2 26. Rg3 Re1+ 27.
Ka2 Qf1 28. Qxb7 Bxc2 29. Nd1 Rxd1 30. Rxg6+ hxg6 31. b4 Ra1+ 32. Kb2 Qc1+ 33.
Kc3 Rxa3+ 34. Kd4 Qe3# 0-1

[Event "19. Open de la Constitución 2017"]
[Site "San Sebastian de los Reyes ES"]
[Date "2017.12.02"]
[Round "1.27"]
[White "Fernandez Garcia, Ignacio"]
[Black "Vallespin Morales, Antonio"]
[Result "1-0"]
[WhiteElo "1861"]
[BlackElo "1388"]
[PlyCount "77"]
[EventDate "2017.12.02"]
[EventType "swiss"]
[EventRounds "9"]
[EventCountry "ESP"]
[SourceTitle "Ajedrez en Madrid"]
[Source "lmi"]
[SourceDate "2017.12.02"]
[SourceVersion "1"]
[SourceVersionDate "2017.12.16"]
[SourceQuality "1"]

1. e4 c5 2. c3 e6 3. d4 cxd4 4. cxd4 a6 5. Nf3 Be7 6. Nc3 d6 7. Bd3 Nc6 8. Be3
Nb4 9. Bb1 Nf6 10. O-O Bd7 11. Re1 O-O 12. a3 Nc6 13. e5 dxe5 14. dxe5 Ng4 15.
Qd3 f5 16. exf6 Nxf6 17. Ne4 g6 18. Neg5 Rc8 19. Ba2 Rc7 20. Bb6 Bc8 21. Qe2
Ng4 22. Bxe6+ Kg7 23. Bxc8 Qxc8 24. Ne6+ Kg8 25. Nxc7 Qf5 26. Qe6+ Qxe6 27.
Nxe6 Rf7 28. Rad1 Rf5 29. Ned4 Rh5 30. Nxc6 Bf6 31. Nd8 Kg7 32. h3 Nxf2 33.
Kxf2 Rb5 34. Rd7+ Kh6 35. Be3+ g5 36. Rxb7 Rd5 37. Rb6 Kg6 38. Bd4 Rxd4 39.
Nxd4 1-0

[Event "19. Open de la Constitución 2017"]
[Site "San Sebastian de los Reyes ES"]
[Date "2017.12.02"]
[Round "1.28"]
[White "Perdiguero Herreros, Alejandro"]
[Black "Gonzalez Berrendero, Carlos"]
[Result "0-1"]
[WhiteElo "1313"]
[BlackElo "1854"]
[PlyCount "52"]
[EventDate "2017.12.02"]
[EventType "swiss"]
[EventRounds "9"]
[EventCountry "ESP"]
[SourceTitle "Ajedrez en Madrid"]
[Source "lmi"]
[SourceDate "2017.12.02"]
[SourceVersion "1"]
[SourceVersionDate "2017.12.16"]
[SourceQuality "1"]

1. e4 c5 2. Nf3 d6 3. d4 cxd4 4. Nxd4 Nf6 5. f3 Nc6 6. Bc4 e6 7. Be3 Be7 8. Nb5
a6 9. N5c3 b5 10. Bb3 O-O 11. O-O Bb7 12. Re1 Qc7 13. Nd2 Ne5 14. Qe2 Rac8 15.
Rad1 Rfd8 16. Qf2 Nfd7 17. a4 b4 18. Ne2 Nc5 19. Bxc5 dxc5 20. Nc4 a5 21. Nc1
Ba6 22. Nxe5 Qxe5 23. Nd3 Qc7 24. Ba2 c4 25. Nc1 Bc5 26. Rxd8+ Rxd8 0-1

[Event "19. Open de la Constitución 2017"]
[Site "San Sebastian de los Reyes ES"]
[Date "2017.12.02"]
[Round "1.29"]
[White "Camarero Izquierdo, Juan Carlos"]
[Black "Martin Rodriguez, Jose Luis"]
[Result "1-0"]
[WhiteElo "1852"]
[BlackElo "1293"]
[PlyCount "70"]
[EventDate "2017.12.02"]
[EventType "swiss"]
[EventRounds "9"]
[EventCountry "ESP"]
[SourceTitle "Ajedrez en Madrid"]
[Source "lmi"]
[SourceDate "2017.12.02"]
[SourceVersion "1"]
[SourceVersionDate "2017.12.16"]
[SourceQuality "1"]

1. d4 Nf6 2. Nc3 d5 3. Bg5 e6 4. e4 dxe4 5. Nxe4 Be7 6. Bxf6 Bxf6 7. Nf3 Nd7 8.
Qd3 h6 9. O-O-O Nb6 10. Kb1 Nd5 11. h4 a5 12. g4 Be7 13. Bg2 c6 14. g5 Nf4 15.
Qf1 Qb6 16. Ne5 Rf8 17. Bf3 a4 18. a3 Qc7 19. Qg1 Bd7 20. g6 O-O-O 21. Nxf7
Rde8 22. Nc5 Qb6 23. Nxa4 Qa5 24. Nc5 b6 25. Nxd7 Kxd7 26. Ne5+ Kc7 27. Bxc6
Rc8 28. Bd7 Ra8 29. Qf1 Nd5 30. Qc4+ Bc5 31. dxc5 bxc5 32. Bc6 Rab8 33. Rxd5
exd5 34. Qxd5 Qxa3 35. Qd7+ Kb6 1-0

[Event "19. Open de la Constitución 2017"]
[Site "San Sebastian de los Reyes ES"]
[Date "2017.12.02"]
[Round "1.30"]
[White "Lozano Hernanz, Rodrigo"]
[Black "Rodriguez Valdeavaro, Julio C"]
[Result "0-1"]
[WhiteElo "1242"]
[BlackElo "1847"]
[PlyCount "74"]
[EventDate "2017.12.02"]
[EventType "swiss"]
[EventRounds "9"]
[EventCountry "ESP"]
[SourceTitle "Ajedrez en Madrid"]
[Source "lmi"]
[SourceDate "2017.12.02"]
[SourceVersion "1"]
[SourceVersionDate "2017.12.16"]
[SourceQuality "1"]

1. e4 c5 2. Nf3 d6 3. Nc3 Nf6 4. Bc4 e6 5. O-O Be7 6. d4 cxd4 7. Nxd4 Nc6 8.
Nf3 a6 9. Bg5 O-O 10. Qd2 b5 11. Bb3 b4 12. Ne2 Nxe4 13. Qd3 Nxg5 14. Nxg5 Bxg5
15. c3 a5 16. Rad1 Ba6 17. Qf3 Ne5 18. Qe4 bxc3 19. bxc3 Bf6 20. Qe3 Qc7 21.
Nd4 Bxf1 22. Kxf1 d5 23. Qg3 Rac8 24. Rc1 Nc4 25. Qxc7 Rxc7 26. Bxc4 Rxc4 27.
Rc2 Bxd4 28. Rd2 Bxc3 29. Rc2 Rb8 30. g3 Rb2 31. Rxb2 Bxb2 32. Kg2 d4 33. Kf1
d3 34. Ke1 Bc3+ 35. Kd1 Ra4 36. h3 Rxa2 37. h4 Ra1# 0-1

[Event "19. Open de la Constitución 2017"]
[Site "San Sebastian de los Reyes ES"]
[Date "2017.12.02"]
[Round "1.31"]
[White "Alonso Garuti, Luis E"]
[Black "Rodriguez Municio, Carmen"]
[Result "1-0"]
[WhiteElo "1816"]
[BlackElo "1213"]
[PlyCount "37"]
[EventDate "2017.12.02"]
[EventType "swiss"]
[EventRounds "9"]
[EventCountry "ESP"]
[SourceTitle "Ajedrez en Madrid"]
[Source "lmi"]
[SourceDate "2017.12.02"]
[SourceVersion "1"]
[SourceVersionDate "2017.12.16"]
[SourceQuality "1"]

1. e4 c5 2. Nf3 Nc6 3. d4 cxd4 4. c3 dxc3 5. Bc4 d6 6. O-O Nf6 7. Nxc3 g6 8.
Qe2 Bg7 9. Rd1 O-O 10. e5 Ng4 11. exd6 exd6 12. Bg5 Bf6 13. Qd2 Bxg5 14. Nxg5
Qf6 15. Nd5 Qe5 16. f4 Qf5 17. Bb5 Nf6 18. Bxc6 bxc6 19. Ne7+ 1-0

[Event "19. Open de la Constitución 2017"]
[Site "San Sebastian de los Reyes ES"]
[Date "2017.12.02"]
[Round "1.32"]
[White "Busto Alvarez, Francisco"]
[Black "Minguela Muñoz, Bienvenido"]
[Result "0-1"]
[WhiteElo "1200"]
[BlackElo "1813"]
[PlyCount "42"]
[EventDate "2017.12.02"]
[EventType "swiss"]
[EventRounds "9"]
[EventCountry "ESP"]
[SourceTitle "Ajedrez en Madrid"]
[Source "lmi"]
[SourceDate "2017.12.02"]
[SourceVersion "1"]
[SourceVersionDate "2017.12.16"]
[SourceQuality "1"]

1. e4 c5 2. d4 cxd4 3. c3 d3 4. Bxd3 e5 5. Nf3 Nc6 6. Be3 Nf6 7. Bg5 Bc5 8. O-O
Qb6 9. Bxf6 gxf6 10. b4 Be7 11. Nbd2 d6 12. Nc4 Qc7 13. Ne3 Be6 14. a4 Rg8 15.
Nh4 Rg5 16. Nhf5 Bxf5 17. Nxf5 Nd8 18. Bb5+ Kf8 19. Qd5 Ne6 20. Nh6 Rxg2+ 21.
Kxg2 Nf4+ 0-1

[Event "19. Open de la Constitución 2017"]
[Site "San Sebastian de los Reyes ES"]
[Date "2017.12.03"]
[Round "2.1"]
[White "Garcia Prados, David"]
[Black "Martin Duque, Jesus"]
[Result "0-1"]
[WhiteElo "1953"]
[BlackElo "2376"]
[PlyCount "92"]
[EventDate "2017.12.02"]
[EventType "swiss"]
[EventRounds "9"]
[EventCountry "ESP"]
[SourceTitle "Ajedrez en Madrid"]
[Source "lmi"]
[SourceDate "2017.12.02"]
[SourceVersion "1"]
[SourceVersionDate "2017.12.16"]
[SourceQuality "1"]

1. e4 e6 2. d3 d5 3. Nd2 Nf6 4. Ngf3 Be7 5. g3 c5 6. Bg2 Nc6 7. O-O O-O 8. Re1
b5 9. a4 b4 10. b3 a5 11. Bb2 Ba6 12. h4 Rc8 13. Bh3 Rc7 14. e5 Nd7 15. Qe2 Nb6
16. Rad1 Qc8 17. Rc1 c4 18. dxc4 dxc4 19. Nxc4 Bxc4 20. bxc4 Nxa4 21. Ba1 Nc3
22. Qe3 h6 23. Bf1 Na4 24. Rcd1 Rd8 25. Be2 Rcd7 26. Rxd7 Rxd7 27. Qe4 Nc5 28.
Qe3 Qd8 29. g4 a4 30. g5 h5 31. g6 fxg6 32. Kh2 b3 33. cxb3 axb3 34. Rg1 Kh7
35. Ng5+ Bxg5 36. Rxg5 Nd4 37. Bd3 Nxd3 38. Qxd3 Nf5 39. Qxb3 Nxh4 40. Rg3 Nf5
41. Rh3 Rd1 42. Bc3 Rd3 43. Rxd3 Qxd3 44. c5 Qf3 45. Kg1 Nd4 46. Qc4 Qxc3 0-1

[Event "19. Open de la Constitución 2017"]
[Site "San Sebastian de los Reyes ES"]
[Date "2017.12.03"]
[Round "2.2"]
[White "Hernando Pertierra, Jose C"]
[Black "Lozano Freras, Sergio"]
[Result "1-0"]
[WhiteElo "2355"]
[BlackElo "1972"]
[PlyCount "49"]
[EventDate "2017.12.02"]
[EventType "swiss"]
[EventRounds "9"]
[EventCountry "ESP"]
[SourceTitle "Ajedrez en Madrid"]
[Source "lmi"]
[SourceDate "2017.12.02"]
[SourceVersion "1"]
[SourceVersionDate "2017.12.16"]
[SourceQuality "1"]

1. Nf3 d6 2. d4 Nf6 3. c3 Nbd7 4. Bf4 c5 5. e3 cxd4 6. exd4 Nb6 7. Bd3 g6 8.
O-O Bg7 9. c4 O-O 10. Nc3 Bg4 11. h3 Bxf3 12. Qxf3 Nh5 13. Be3 Rc8 14. g4 Nf6
15. b3 e5 16. Rad1 Nxg4 17. Qxg4 f5 18. Qg2 e4 19. Bb1 d5 20. Bg5 Qd7 21. c5 f4
22. Qg4 h6 23. Qxd7 Nxd7 24. Nxd5 hxg5 25. Ne7+ 1-0

[Event "19. Open de la Constitución 2017"]
[Site "San Sebastian de los Reyes ES"]
[Date "2017.12.03"]
[Round "2.3"]
[White "Bartolome Martin, Angel"]
[Black "Roa Alonso, Santiago"]
[Result "1/2-1/2"]
[WhiteElo "1936"]
[BlackElo "2354"]
[PlyCount "43"]
[EventDate "2017.12.02"]
[EventType "swiss"]
[EventRounds "9"]
[EventCountry "ESP"]
[SourceTitle "Ajedrez en Madrid"]
[Source "lmi"]
[SourceDate "2017.12.02"]
[SourceVersion "1"]
[SourceVersionDate "2017.12.16"]
[SourceQuality "1"]

1. d4 Nf6 2. Bg5 Ne4 3. Bf4 d6 4. f3 Nf6 5. Nc3 g6 6. Qd2 c6 7. e4 Nbd7 8.
O-O-O Qa5 9. Bc4 e5 10. Be3 Qc7 11. Nh3 Nb6 12. Bb3 Bxh3 13. gxh3 Nbd7 14. f4
Bh6 15. fxe5 Bxe3 16. Qxe3 dxe5 17. Rhf1 O-O 18. Qg5 Kg7 19. dxe5 Qxe5 20. Rf5
h6 21. Qg1 Qe7 22. Rdf1 1/2-1/2

[Event "19. Open de la Constitución 2017"]
[Site "San Sebastian de los Reyes ES"]
[Date "2017.12.03"]
[Round "2.4"]
[White "Elissalt Cardenas, Hector"]
[Black "Vazquez Gonzalez, Jesus"]
[Result "1-0"]
[WhiteElo "2339"]
[BlackElo "1943"]
[PlyCount "31"]
[EventDate "2017.12.02"]
[EventType "swiss"]
[EventRounds "9"]
[EventCountry "ESP"]
[SourceTitle "Ajedrez en Madrid"]
[Source "lmi"]
[SourceDate "2017.12.02"]
[SourceVersion "1"]
[SourceVersionDate "2017.12.16"]
[SourceQuality "1"]

1. d4 d5 2. Nf3 Nf6 3. c4 e6 4. Nc3 c6 5. cxd5 exd5 6. Bg5 Be7 7. e3 Ne4 8.
Bxe7 Qxe7 9. Qc2 Nxc3 10. bxc3 O-O 11. Bd3 h6 12. O-O Be6 13. Rab1 b5 14. Ne5
Rc8 15. f4 f6 16. Bh7+ 1-0

[Event "19. Open de la Constitución 2017"]
[Site "San Sebastian de los Reyes ES"]
[Date "2017.12.03"]
[Round "2.5"]
[White "Largo Barbero, Benito"]
[Black "Lianes Garcia, Marcos"]
[Result "0-1"]
[WhiteElo "1925"]
[BlackElo "2300"]
[PlyCount "92"]
[EventDate "2017.12.02"]
[EventType "swiss"]
[EventRounds "9"]
[EventCountry "ESP"]
[SourceTitle "Ajedrez en Madrid"]
[Source "lmi"]
[SourceDate "2017.12.02"]
[SourceVersion "1"]
[SourceVersionDate "2017.12.16"]
[SourceQuality "1"]

1. d4 c5 2. Bf4 cxd4 3. Nf3 d6 4. c3 dxc3 5. Nxc3 Nf6 6. e4 Nc6 7. Bc4 e5 8.
Be3 Be7 9. O-O O-O 10. a3 a6 11. Qd3 Bg4 12. Nd2 Rc8 13. f3 Be6 14. Rfd1 b5 15.
Bd5 b4 16. Na4 bxa3 17. bxa3 Nd4 18. Bxe6 fxe6 19. Bxd4 exd4 20. Qxd4 d5 21.
Qe5 Qd7 22. exd5 exd5 23. Nf1 Bd6 24. Qd4 Rc4 25. Nb6 Qa7 26. Nxc4 Bc5 27. Qxc5
Qxc5+ 28. Nce3 Re8 29. Rdc1 Qa7 30. Kh1 Rxe3 31. Nxe3 Qxe3 32. Re1 Qc3 33. Rec1
Qd3 34. Rd1 Qc2 35. Rdc1 Qf5 36. Rab1 h5 37. h3 Qd3 38. Rb7 Qxa3 39. Rc8+ Kh7
40. Rcc7 Qa1+ 41. Kh2 Qe5+ 42. Kg1 Qg3 43. Rc6 d4 44. Rxa6 Qe1+ 45. Kh2 d3 46.
Ra2 d2 0-1

[Event "19. Open de la Constitución 2017"]
[Site "San Sebastian de los Reyes ES"]
[Date "2017.12.03"]
[Round "2.6"]
[White "Quevedo Marin, Manuel"]
[Black "Vazquez Gonzalez, Francisco"]
[Result "1-0"]
[WhiteElo "2241"]
[BlackElo "1931"]
[PlyCount "31"]
[EventDate "2017.12.02"]
[EventType "swiss"]
[EventRounds "9"]
[EventCountry "ESP"]
[SourceTitle "Ajedrez en Madrid"]
[Source "lmi"]
[SourceDate "2017.12.02"]
[SourceVersion "1"]
[SourceVersionDate "2017.12.16"]
[SourceQuality "1"]

1. Nf3 d6 2. c4 e5 3. Nc3 f5 4. e4 Nf6 5. d4 exd4 6. Qxd4 Nc6 7. Qe3 Be7 8.
exf5 Bxf5 9. Bd3 Ng4 10. Qe2 Bxd3 11. Qxd3 Nge5 12. Nxe5 Nxe5 13. Qe4 O-O 14.
O-O Qd7 15. Qxb7 Nxc4 16. Qd5+ 1-0

[Event "19. Open de la Constitución 2017"]
[Site "San Sebastian de los Reyes ES"]
[Date "2017.12.03"]
[Round "2.7"]
[White "Cabañas Bravo, Juan Andres"]
[Black "Perez Gonzalez, Jose Manuel"]
[Result "1/2-1/2"]
[WhiteElo "1910"]
[BlackElo "2226"]
[PlyCount "53"]
[EventDate "2017.12.02"]
[EventType "swiss"]
[EventRounds "9"]
[EventCountry "ESP"]
[SourceTitle "Ajedrez en Madrid"]
[Source "lmi"]
[SourceDate "2017.12.02"]
[SourceVersion "1"]
[SourceVersionDate "2017.12.16"]
[SourceQuality "1"]

1. e4 c5 2. Nf3 g6 3. d4 Bg7 4. dxc5 Qa5+ 5. c3 Qxc5 6. Na3 Nf6 7. Be3 Qa5 8.
Bd3 Nc6 9. Nc4 Qc7 10. h3 O-O 11. Qd2 d5 12. Bf4 Qd8 13. exd5 Nxd5 14. O-O-O
Be6 15. Bh6 Nb6 16. Bxg7 Kxg7 17. Qe2 Qc7 18. Kb1 Rad8 19. Ng5 Bxc4 20. Bxc4
Rxd1+ 21. Rxd1 Qf4 22. Ne4 Nxc4 23. Qxc4 f5 24. Nd6 Qxc4 25. Nxc4 Rd8 26. Rxd8
Nxd8 27. Kc2 1/2-1/2

[Event "19. Open de la Constitución 2017"]
[Site "San Sebastian de los Reyes ES"]
[Date "2017.12.03"]
[Round "2.8"]
[White "Alfaya Marcelo, Roberto"]
[Black "De Vicente Guijarro, Juan"]
[Result "0-1"]
[WhiteElo "2193"]
[BlackElo "1879"]
[PlyCount "76"]
[EventDate "2017.12.02"]
[EventType "swiss"]
[EventRounds "9"]
[EventCountry "ESP"]
[SourceTitle "Ajedrez en Madrid"]
[Source "lmi"]
[SourceDate "2017.12.02"]
[SourceVersion "1"]
[SourceVersionDate "2017.12.16"]
[SourceQuality "1"]

1. e4 c5 2. Nf3 Nc6 3. d4 cxd4 4. Nxd4 g6 5. c4 Bg7 6. Be3 Nf6 7. Nc3 O-O 8.
Be2 d6 9. O-O Bd7 10. Qd2 Nxd4 11. Bxd4 Bc6 12. f3 a5 13. b3 Nd7 14. Be3 Nc5
15. Rab1 Qb6 16. Rfc1 Rfc8 17. Rc2 Qd8 18. a3 h5 19. b4 axb4 20. axb4 Ne6 21.
Nd5 Ra3 22. Bf2 Rca8 23. Nb6 Ra1 24. Rcc1 R8a2 25. Qd1 Rxb1 26. Rxb1 Nf4 27.
Bf1 Rxf2 28. c5 Ra2 29. Qb3 Bd4+ 30. Kh1 Ra1 31. Rxa1 Bxa1 32. Bc4 Be8 33. g3
dxc5 34. bxc5 Ne6 35. Bxe6 fxe6 36. f4 Kg7 37. Qxe6 Qd1+ 38. Kg2 Qe2+ 0-1

[Event "19. Open de la Constitución 2017"]
[Site "San Sebastian de los Reyes ES"]
[Date "2017.12.03"]
[Round "2.9"]
[White "Tarrio Ocaña, Jose Manuel"]
[Black "Pastor Alonso De Prado, Alberto"]
[Result "1/2-1/2"]
[WhiteElo "1866"]
[BlackElo "2166"]
[PlyCount "59"]
[EventDate "2017.12.02"]
[EventType "swiss"]
[EventRounds "9"]
[EventCountry "ESP"]
[SourceTitle "Ajedrez en Madrid"]
[Source "lmi"]
[SourceDate "2017.12.02"]
[SourceVersion "1"]
[SourceVersionDate "2017.12.16"]
[SourceQuality "1"]

1. e4 e5 2. Bc4 Nf6 3. d3 Nc6 4. Nf3 Be7 5. c3 O-O 6. O-O d6 7. a4 h6 8. Nbd2
Nh7 9. Re1 Ng5 10. Nxg5 Bxg5 11. Nf1 g6 12. Bxg5 Qxg5 13. Re3 Kg7 14. Rg3 Qf4
15. Ne3 Ne7 16. Rf3 Qh4 17. Qd2 c6 18. Re1 f5 19. Rh3 Qf6 20. exf5 gxf5 21. f3
Ng6 22. Nxf5+ Qxf5 23. Qxh6+ Kf6 24. Rg3 Bd7 25. f4 exf4 26. Rxg6+ Qxg6 27.
Qxf4+ Qf5 28. Qh6+ Qg6 29. Qf4+ Qf5 30. Qh6+ 1/2-1/2

[Event "19. Open de la Constitución 2017"]
[Site "San Sebastian de los Reyes ES"]
[Date "2017.12.03"]
[Round "2.10"]
[White "Lozano Suarez, Luis Miguel"]
[Black "Fernandez Garcia, Ignacio"]
[Result "1/2-1/2"]
[WhiteElo "2163"]
[BlackElo "1861"]
[PlyCount "171"]
[EventDate "2017.12.02"]
[EventType "swiss"]
[EventRounds "9"]
[EventCountry "ESP"]
[SourceTitle "Ajedrez en Madrid"]
[Source "lmi"]
[SourceDate "2017.12.02"]
[SourceVersion "1"]
[SourceVersionDate "2017.12.16"]
[SourceQuality "1"]

1. c4 e5 2. g3 Nf6 3. Bg2 d6 4. Nc3 Nbd7 5. Nf3 Be7 6. O-O O-O 7. d4 exd4 8.
Nxd4 Ne5 9. b3 c6 10. Qc2 Qc7 11. Nf5 Bxf5 12. Qxf5 Qa5 13. Qc2 d5 14. Bd2 dxc4
15. Nd5 Qd8 16. Nxe7+ Qxe7 17. bxc4 Rfe8 18. Rab1 Rad8 19. Be3 b6 20. h3 c5 21.
a4 Qe6 22. Rfc1 Nc6 23. Bxc6 Qxc6 24. a5 Re6 25. axb6 axb6 26. Bg5 Rde8 27.
Bxf6 Rxe2 28. Qf5 gxf6 29. Rd1 Qe6 30. Qxe6 R8xe6 31. Rbc1 Rb2 32. Rd3 Ree2 33.
Rf3 Kg7 34. Rf4 h5 35. h4 Kg6 36. Rd1 Red2 37. Rxd2 Rxd2 38. Kf1 f5 39. Ke1 Rb2
40. Kd1 Kf6 41. Ke1 Ke5 42. Kd1 Ra2 43. Ke1 Ra8 44. Kd2 Rd8+ 45. Kc3 Rd1 46.
Rf3 Rd4 47. Re3+ Kf6 48. f4 Rd6 49. Kb3 Rd1 50. Kc2 Ra1 51. Kb2 Ra4 52. Kb3 Ra7
53. Kb2 Re7 54. Rd3 Re6 55. Kc3 Ke7 56. Kb3 Rd6 57. Re3+ Kd7 58. Kc3 Re6 59.
Rd3+ Kc6 60. Kb3 b5 61. cxb5+ Kxb5 62. Rd5 Re3+ 63. Kc2 Rxg3 64. Rxf5 Rg4 65.
Rxf7 Rxh4 66. f5 Kc4 67. f6 Rf4 68. Rf8 Rf2+ 69. Kd1 Kc3 70. Rh8 Rf1+ 71. Ke2
Rxf6 72. Rxh5 c4 73. Kd1 Rf1+ 74. Ke2 Ra1 75. Rc5 Ra2+ 76. Kd1 Rd2+ 77. Kc1 Rh2
78. Kb1 Rh1+ 79. Ka2 Kb4 80. Rc8 c3 81. Rc7 Rh5 82. Kb1 Ra5 83. Rb7+ Kc5 84.
Rc7+ Kd4 85. Rd7+ Kc4 86. Rc7+ 1/2-1/2